000
00318nam a2200133Ia 4500
008
230627s9999 xx 000 0 und d
041
_a
eng
082
_a
347
_b
SAH
100
_a
Saha A.N.
245
_a
The Code Of Civil Procedure-1908
250
_a
7ed.
260
_b
Premier Publishing Co.
_c
2010
300
_a
1056p
999
_c
697017
_d
697017